Quizzes
Events
Quiz Creation
Community
Videos
Private Events
Remove Ads
Sign In
Join for FREE
Feedback
Dark Mode
Quiz Categories
Sports
Geography
Music
Movies
Television
Just For Fun
Miscellaneous
History
Literature
Language
Science
Gaming
Entertainment
Religion
Holiday
For Kids
Quiz Lab
Recent
Popular Today
Quiz Kudos Today
Editor Picks
Curator Picks
Quizzes by...
Day
Popularity
Type
Ratings
Length
Year
Community
Subscriptions
Recent Discussions
Orange Saloon
Badges
Playlists
Quests
Create
Leaderboards
Showdown
Live 5
Trivia Bingo
Activity
Puzzle Library
Sporcle Events
Private Events
Virtual Trivia
Globe League
Become a Host
Pub Owners
SporcleCon
Opinionation
Our Games
Videos
Blog
Mobile Apps
Partnerships
Remove Ads and Go Orange
Feedback
Music
Pop Music
The Beatles
Song
Album
Lyrics
Bands
Singers
Artist
Clip
Rock
Rap
Classical
Billboard
Country Music
Kpop
Taylor Swift
Music
Pop Music
The Beatles
Song
Album
Lyrics
Bands
Singers
Artist
Clip
Rock
Rap
Classical
Billboard
Country Music
Kpop
Taylor Swift
Random Quiz
Search Sporcle
×
Quiz Lab
Quiz Lab
Music
Artist
Type in answers that appear in a list
Type in answers that appear in a list
Classic
Best Score? Go Orange.
UK Number Twos (Part 6 BMRB 1977-80) Stats
Can you name the UK number twos from January 1977 to June 1980?
By
mrdannydoodah
8m
44 Questions
47 Plays
47 Plays
47 Plays
Comments
Comments
Give Quiz Kudos
Give Quiz Kudos
-
- Ratings
hide this ad
More Info
Replay
Link that replays current quiz
Next Quiz
Link to next quiz in quiz playlist
You Got
0%
They Got
Avg Score
47%
Avg Friend Score
Upgrade to see
Score Distribution
Jump to the score distribution portion of the page
Score
0/44
Timer
08:00
0
Plays Today
Month and Year
Single
% Correct
June 1980
Funkytown
78.7%
June 1977
God Save The Queen
76.6%
March 1979
In The Navy
70.2%
July 1979
Up The Junction
68.1%
March 1979
Oliver's Army
66%
April 1979
Cool For Cats
66%
May 1979
Pop Muzik
61.7%
March 1977
Boogie Nights
59.6%
November 1978
Sandy
59.6%
November 1977
We Are The Champions
57.4%
July 1979
Silly Games
57.4%
June 1978
The Smurf Song
55.3%
April 1979
Some Girls
55.3%
May 1977
Sir Duke
53.2%
July 1977
Fanfare For The Common Man
53.2%
March 1978
Denis (Denee)
53.2%
April 1980
Dance Yourself Dizzy
53.2%
May 1980
Coming Up
53.2%
April 1977
Red Light Spells Danger
51.1%
August 1978
Substitute
51.1%
October 1978
Rasputin
51.1%
August 1979
Can't Stand Losing You
51.1%
Month and Year
Single
% Correct
September 1979
Bang Bang
51.1%
November 1979
Crazy Little Thing Called Love
51.1%
December 1977
The Floral Dance
48.9%
October 1978
Love Don't Live Here Anymore
48.9%
September 1977
Magic Fly
46.8%
October 1977
Black Is Black
46.8%
May 1979
Dance Away
46.8%
July 1977
Ma Baker
44.7%
January 1980
With You I'm Born Again
44.7%
June 1978
The Boy From New York City
42.6%
February 1980
And The Beat Goes On
42.6%
May 1977
Ain't Gonna Bump No More (With No Big Fat Woman)
40.4%
December 1979
I Have A Dream
34%
March 1978
Come Back My Love
27.7%
September 1978
It's Raining
27.7%
February 1979
Chiquitita
27.7%
October 1979
Dreaming
23.4%
May 1980
No Doubt About It
21.3%
August 1977
You Got What It Takes
17%
April 1977
Going In With My Eyes Open
14.9%
November 1978
Hopelessy Devoted To You
12.8%
April 1978
I Wonder Why
10.6%
Quiz Playlist
Details
Report
Send in Message
Add To Playlist
More Info:
Can you name all the singles that reached number two on the BMRB chart between January 1977 and June 1980 without ever reaching the top spot?
Classic:
Type in answers that appear in a list
Last Updated: Feb 16, 2017
Quiz Scoreboard
CHALLENGE
Sign Up to Join the Scoreboard
Show All
Scores
Hide
Comments
May contain spoilers
Recently Published
An Introduction to Baseball
by treessimontrees
Sports
5m
Movies - When Are They Set?
by FPL_Elf
Movies
5m
Popular People in 1961
by mucciniale
History
6m
More to Explore
Quiz From the Vault
Featured Blog Post
Where Did the Easter Bunny Come From?
hide this ad
You Might Also Like...
Tags
Artist Quiz
month
Single
three
Today's Top Quizzes in Music
Browse Music
hide this ad
Today's Top Quizzes in Artist
Browse Artist
Top Contributed Quizzes in Music
1
Taylor Swift All Songs (2024)
2
Guess the Artist- 70s Songs
3
One Thing in Common: Music
4
KPOP LOGIC QUIZ
5
2010s Album by Cover III
6
Taylor Swift Logic Puzzle
7
Guess the Taylor Swift song (Mystery Song)
8
7-to-1: Billboard Hot 100 #1 Hits of 2010s
9
2010s Album by Cover IV
10
2010s Album by Cover V
Explore More
Trending Topics
Marvel
NBA
Harry Potter
Anime
Disney
Crossword
Kpop
WWE
Song
Pokémon
Puzzle
Country
Soccer
The Office
NFL
hide this ad
More By:
mrdannydoodah
Quiz
Plays
Rating
Category
Featured
Created
Royal Given Names of Queen Victoria's Grandchildren
4,467
3.33
History
Sep 6, 2015
Royal Given Names of Queen Victoria's Children
2,659
4.25
History
Sep 6, 2015
Royal Baby Names of first born UK heirs.
1,545
4.00
History
Jul 22, 2013
Royal Names (Edward VII's descendants' names)
1,110
3.33
History
Jul 18, 2013
Coronation Street Millennians
846
3.00
Television
Jul 15, 2015
Go to Creator's Profile
Score Distribution
Quiz Creator Spotlight
mrdannydoodah
Follow
Send a Message
Quizzes Created
-
Created Quiz Play Count
-
More By This Creator
Popular Quizzes Today
1
Find the Countries of Europe - No Outlines Minefield
2
Find the US States - No Outlines Minefield
3
The Countries of the World
4
Popular People in 1961
5
Find the US States
6
US States
7
1-10 Letter E Words III
8
Risky Map Clicking: Biggest States A-Z
More Music Quizzes
Guess the K-Pop MV pt.3
Quiz Lab
Trending Quizzes
Risky Map Clicking: Least Populous States A-Z
1-10 Letter F Words
1-10 Letter G Words
One Thing in Common: United Kingdom
Risky Map Clicking: Next State Alphabetically
Recently Updated
Leaping Animals
pecheneg
Reality TV Shows (A-Z)
bhenderson79
Rickey Henderson's Hall of Fame Teammates
pecheneg
Champions League XIs: Arsenal
pecheneg
Quick Pick: Celebrities in WWE's Hall of Fame
aduchscher
A-Z Keypad Blitz II
pecheneg
Multiple Oscar Actors
pecheneg
Mystery Phrase Blitz: Oscar 'Best Actors'
pecheneg
F. Scott Fitzgerald Novels
LTH
Pick 3 Villains
ddd62291
Trending Topics
NBA
Crossword
Harry Potter
Anime
Kpop
Disney
Marvel
The Office
NFL
Pokémon
Puzzle
WWE
Soccer
Song
Country
Your Account Isn't Verified!
In order to create a playlist on Sporcle, you need to verify the email address you used during registration. Go to your
Sporcle Settings
to finish the process.
Report this User
Report this user for behavior that violates our
Community Guidelines
.
Details:
Send Report
Go to the Sporcle.com Mobile Site →
Comments